[Event "NRW Class1 1819"]
[Site "Germany"]
[Date "2019.03.17"]
[Round "7.2"]
[White "Rybarczyk, Klaus"]
[Black "Becker, Marcel"]
[Result "1/2-1/2"]
[WhiteElo "2158"]
[BlackElo "2268"]
[PlyCount "78"]
[EventDate "2018.09.16"]
[EventType "team-tourn"]
[EventRounds "9"]
[EventCountry "GER"]
[SourceTitle "EXT 2022"]
[Source "ChessBase"]
[SourceDate "2021.10.06"]
[SourceVersion "1"]
[SourceVersionDate "2021.10.06"]
[SourceQuality "1"]
[WhiteTeam "Niederkassel"]
[BlackTeam "Oberhausen SV"]
[WhiteTeamCountry "GER"]
[BlackTeamCountry "GER"]

1. Nf3 d5 2. g3 Nf6 3. c4 c6 4. Bg2 Bf5 5. 0-0 e6 6. d3 dxc4 7. dxc4 Qxd1 8. Rxd1 Bc2 9. Rd2 Bg6 10. Rd1 Bc2 11. Rd2 Bg6 12. Rd1 Nbd7 13. Nc3 Bc5 14. Bf4 e5 15. Bc1 0-0-0 16. Bh3 Rhe8 17. Bg5 Kc7 18. a3 h6 19. Bc1 Ne4 20. Nxe4 Bxe4 21. b4 Bxf3 22. exf3 Bd4 23. Rb1 Nb6 24. c5 Na4 25. Re1 Bc3 26. Rf1 Bd2 27. Bxd2 Rxd2 28. Rbd1 Rd4 29. Rc1 Re7 30. Rfe1 a5 31. Re4 Rxe4 32. fxe4 axb4 33. axb4 Re8 34. Bf1 Rd8 35. b5 cxb5 36. Bxb5 Rd4 37. c6 bxc6 38. Bxc6 Kd6 39. Bxa4 Rxa4 1/2-1/2